Starlight Express Songs (2024) - Statistics

General Stats
  • This quiz has been taken 33 times
  • The average score is 16 of 21
Answer Stats
Act 1 % Correct
Pumping Iron
92%
Rolling Stock
92%
Starlight Express
92%
Crazy
88%
AC/DC
85%
Freight Is Great
85%
Hydrogen
85%
I Am Me
85%
Overture / Entry of Trains
77%
The Race
77%
I Am The Starlight
73%
Light At The End Of The Tunnel
73%
Make Up My Heart
73%
Momma's Blues
73%
Whistle At Me
73%
I Do
69%
U.N.C.O.U.P.L.E.D.
69%
Wide Smile
69%
The Final Race
62%
One Rock 'N' Roll Too Many
58%
Starlight Express Megamix
46%
No matching quizzes found
Score Distribution
Percent of People with Each Score
Percentile by Number Answered
Your Score History
You have not taken this quiz